Beiträge zur Entstehungsgeschichte des Geldes

Gespeichert in:
Bibliographische Detailangaben
Format: Buch
Sprache:Deutsch
Veröffentlicht: Bern A. Francke 1945
Tags: Tag hinzufügen
Keine Tags, Fügen Sie das erste Tag hinzu!

MARC

LEADER 00000nam a2200000 4500
001 0268200
005 20240822101711.7
041 0 |a ger 
044 |a CH 
245 1 0 |a Beiträge zur Entstehungsgeschichte des Geldes  |c Rudolf Kaula 
264 1 |a Bern  |b A. Francke  |c 1945